00576nam a22001817a 4500003000200000005001700002008004100019020002200060050002200082100002400104245006100128250001800189260004100207300004500248500001900293504006300312650001900375020230913130832.0230913b xxu||||| |||| 00| 0 eng d a978-1-975180-43-0 aRM 300b.T83 2023 aTucker, Rebecca G.  aKarch's focus on nursing pharmacologycRebecca G. Tucker aNinth edition aPhiladelphiabWolters Kluwercc2023. axiv, 1153 pages :bcol. ill. ; c28 cm.  aPharmacology.  aIncludes bibliographical references, glossary and index.  aPharmacology.